banner-ar

BLOOD AND MARROW STEM CELL TRANSPLANTATION : (Record no. 9403)

MARC details
000 -الفاتح
حقل البيانات ثابتة الطول 00624nam a2200205Ia 4500
008 - عناصر البيانات ثابتة الطول - معلومات عامة
حقل البيانات ثابتة الطول 140319s9999 xx 000 0 eng d
020 ## - الرقم الدولى المعيارى للكتب
الرقم الدولى المعيارى للكتاب 978067370
040 ## - مصدر الفهرسة
وكالة الفهرسة الأصلية GCL /
وكالة النسخ GCL
082 04 - رقم تصنيف ديوى العشرى
رقم التصنيف 616.15
رقم المادة E B
100 1# - المدخل الرئيسى - إسم شخصى
الإسم الشخصى EZZONE, SUSAN
245 10 - بيان العنوان
العنوان BLOOD AND MARROW STEM CELL TRANSPLANTATION :
بقية العنوان PRINCIPLES, PRACTICE, AND NURSING INSIGHTS /
بيان المسئوليه,etc EZZONE, SUSAN
700 1# - المدخل الاضافى - اسم شخصى
الإسم الشخصى SCHMIT - POKORNY, KIM
260 ## - PUBLICATION, DISTRIBUTION, ETC. (IMPRINT)
تاريخ النشر أو التوزيع 2007
300 ## - الوصف المادى
التعداد 24 CM ؛
أبعاد الوعاء 521 P
650 04 - المدخل الاضافى بالموضوع-مصطلح موضوعى
مصطلح موضوعي HEMATOLGOIC DISEASE
650 04 - المدخل الاضافى بالموضوع-مصطلح موضوعى
مصطلح موضوعي HEMATOLOGY
650 04 - المدخل الاضافى بالموضوع-مصطلح موضوعى
مصطلح موضوعي BLOOD - DISEASES
942 ## - عناصر المدخل الإضافي( كوها)
مصدر التصنيف او مخطط الترفيف Dewey Decimal Classification
Koha [default] item type كتاب
260 ## - PUBLICATION, DISTRIBUTION, ETC. (IMPRINT)
-- نيويورك :
-- JONES AND BARTLETT PUBLISHERS ،
Holdings
حالة التراجع حالة الفقد حالة تلف ليس للاعارة المكان المؤقت الموقع الحالى تاريخ الاكتساب اجمالي اﻻعارات رقم الطلب الباركود تاريخ اخر مشاهدة تاريخ تفعيل السعر نوع وعاء كوها
        مكتبة القاهرة الكبرى مكتبة القاهرة الكبرى 03/26/2014   616.15\E B 19632 03/26/2014 03/26/2014 كتاب

Powered By

EGPV